书目信息 |
| 题名: |
计算机图形学
|
|
| 作者: | 徐文鹏 | |
| 分册: | ||
| 出版信息: | 北京 机械工业出版社 2009.02 |
|
| 页数: | 236页 | |
| 开本: | 20cm | |
| 丛书名: | ||
| 单 册: | ||
| 中图分类: | TP391.41 | |
| 科图分类: | ||
| 主题词: | 计算机应用 | |
| 电子资源: | ||
| ISBN: | 978-7-111-25845-2 | |
| 000 | 00567nam0 2200217 45 | |
| 001 | 0935175921 | |
| 005 | 20091015094750.18 | |
| 010 | @a978-7-111-25845-2@dCNY26.00 | |
| 100 | @a20090515d2009 ekmy0 y0120 ea | |
| 102 | @aCN@b130000 | |
| 102 | @aCN@b110000 | |
| 105 | @ay z 000yy | |
| 200 | 1 | @a计算机图形学@f徐文鹏@Fxu wen peng |
| 210 | @a北京@c机械工业出版社@d2009.02 | |
| 215 | @a236页@d20cm | |
| 606 | 0 | @a计算机应用 |
| 690 | @aTP391.41@v4 | |
| 701 | 0 | @a徐文鹏@Axu wen peng |
| 801 | 0 | @aCN@c20091015 |
| 905 | @a10447@dTP391.41@eX810 | |
| 906 | @d26@n3@r1 | |
| 计算机图形学/徐文鹏.-北京:机械工业出版社,2009.02 |
| 236页;20cm |
| ISBN 978-7-111-25845-2:CNY26.00 |
| ● |
| 相关链接 |
|
|
|
正题名:计算机图形学
索取号:TP391.41/X810
 
预约/预借
| 序号 | 登录号 | 条形码 | 馆藏地/架位号 | 状态 | 备注 |
| 1 | 895945 | 208959457 | 自科库301/301自科库 98排2列3层/ [索取号:TP391.41/X810] | 在馆 | |
| 2 | 895946 | 208959466 | 自科库301/301自科库 98排2列3层/ [索取号:TP391.41/X810] | 在馆 | |
| 3 | 895947 | 208959475 | 自科二线404/404自科库 15排4列5层/ [索取号:TP391.41/X810] | 在馆 |